Digital logic and computer design, 1st Ed (Record no. 316848)

000 -LEADER
fixed length control field 00369 a2200145 4500
001 - CONTROL NUMBER
control field 81775
082 ## - DEWEY DECIMAL CLASSIFICATION NUMBER
Classification number 621.38153MAN
090 ## - LOCALLY ASSIGNED LC-TYPE CALL NUMBER (OCLC); LOCAL CALL NUMBER (RLIN)
-- 39835
-- 39835
100 ## - MAIN ENTRY--PERSONAL NAME
Personal name Mano, M Morris
245 ## - TITLE STATEMENT
Title Digital logic and computer design, 1st Ed
Statement of responsibility, etc. Morris Mano, M
250 ## - EDITION STATEMENT
Edition statement 1
260 ## - PUBLICATION, DISTRIBUTION, ETC.
Name of publisher, distributor, etc. Prentice Hall
Place of publication, distribution, etc. NJ
Date of publication, distribution, etc. 1979
300 ## - PHYSICAL DESCRIPTION
Extent xii 612 p.
500 ## - GENERAL NOTE
General note Avionics Textbook
942 ## - ADDED ENTRY ELEMENTS (KOHA)
Institution code [OBSOLETE] NUST-CAE
Call number prefix 621.38153MAN
Koha item type
Holdings
Withdrawn status Lost status Damaged status Not for loan Collection code Permanent Location Current Location Date acquired Total Checkouts Full call number Barcode Date last seen Price effective from Koha item type
          College of Aeronautical Engineering (CAE) College of Aeronautical Engineering (CAE) 04/03/2017   621.38153MAN CAEG-2069 04/05/2017 04/05/2017 Book
          College of Aeronautical Engineering (CAE) College of Aeronautical Engineering (CAE) 04/03/2017   621.38153MAN CAEG-2074 04/05/2017 04/05/2017 Book
          College of Aeronautical Engineering (CAE) College of Aeronautical Engineering (CAE) 04/03/2017   621.38153MAN CAEG-2073 04/05/2017 04/05/2017 Book
          College of Aeronautical Engineering (CAE) College of Aeronautical Engineering (CAE) 04/03/2017   621.38153MAN CAEG-2072 04/05/2017 04/05/2017 Book
          College of Aeronautical Engineering (CAE) College of Aeronautical Engineering (CAE) 04/03/2017   621.38153MAN CAEG-2071 04/05/2017 04/05/2017 Book
          College of Aeronautical Engineering (CAE) College of Aeronautical Engineering (CAE) 04/03/2017   621.38153MAN CAEG-2070 04/05/2017 04/05/2017 Book
© 2023 Central Library, National University of Sciences and Technology. All Rights Reserved.